Wszystkie ulice w Krośnie - Statystyki

Ogólne statystyki
  • Ten quiz został rozwiązany 36 razy
  • Średni wynik to 53 z 202
Statystyki odpowiedzi
Odpowiedź % Poprawnych
ul. Adama Mickiewicza
67%
ul. Krakowska
62%
ul. Kolejowa
57%
ul. Lwowska
57%
ul. Polna
57%
ul. Bieszczadzka
52%
ul. Grodzka
52%
ul. Podkarpacka
52%
ul. Adama Asnyka
48%
ul. Bohaterów Westerplatte
48%
ul. Bursaki
48%
ul. Feliksa Czajkowskiego
48%
ul. Józefa Piłsudskiego
48%
ul. ks. Stanisława Staszica
48%
ul. Niepodległości
48%
ul. Rzeszowska
48%
ul. Tysiąclecia
48%
ul. Wojska Polskiego
48%
ul. Aleja Jana Pawła II
43%
ul. Bolesława Chrobrego
43%
ul. gen. Józefa Hallera
43%
ul. Ignacego Łukasiewicza
43%
ul. Kletówki
43%
ul. Korczyńska
43%
ul. Rynek
43%
ul. Słoneczna
43%
ul. Augusta Lewakowskiego
38%
ul. Fryderyka Chopina
38%
ul. gen. Władysława Sikorskiego
38%
ul. Henryka Sienkiewicza
38%
ul. Juliusza Słowackiego
38%
ul. kard. Stefana Wyszyńskiego
38%
ul. Kazimierza Pużaka
38%
ul. Krótka
38%
ul. Legionów
38%
ul. Leśna
38%
ul. Lniarska
38%
ul. Naftowa
38%
ul. Powstańców Warszawskich
38%
ul. Składowa
38%
ul. Stanisława Wyspiańskiego
38%
ul. Wincentego Pola
38%
ul. Zręcińska
38%
ul. Białobrzeska
33%
ul. Długa
33%
ul. Guzikówka
33%
ul. Jagiellońska
33%
ul. Joachima Lelewela
33%
ul. Klonowa
33%
ul. Mała
33%
ul. Michała Mięsowicza
33%
ul. Piastowska
33%
ul. Powstańców Śląskich
33%
ul. Stefana Batorego
33%
ul. Stefana Okrzei
33%
ul. Stefana Żeromskiego
33%
ul. Władysława Reymonta
33%
ul. Zielona
33%
ul. Armii Krajowej
29%
ul. Dębowa
29%
ul. Elizy Orzeszkowej
29%
ul. Franciszkańska
29%
ul. gen. Józefa Bema
29%
ul. gen. Leopolda Okulickiego
29%
ul. gen. Stanisława Maczka
29%
ul. Henryka Wieniawskiego
29%
ul. Hutnicza
29%
ul. Ignacego Jana Paderewskiego
29%
ul. Jana i Stanisława Magurów
29%
ul. Jana Lenarta
29%
ul. Konstantego Ildefonsa Gałczyńskiego
29%
ul. Krzysztofa Kamila Baczyńskiego
29%
ul. Krzywa
29%
ul. ks. Stanisława Decowskiego
29%
ul. Lotników
29%
ul. Mariana Langiewicza
29%
ul. Marii Konopnickiej
29%
ul. Mikołaja Kopernika
29%
ul. Plac Konstytucji 3 Maja
29%
ul. Sportowa
29%
ul. Tkacka
29%
ul. Wincentego Witosa
29%
ul. Wyzwolenia
29%
ul. Zjazdowa
29%
ul. Żwirki i Wigury
29%
ul. Aleksandra Fredry
24%
ul. Batalionów Chłopskich
24%
ul. Bolesława Prusa
24%
ul. Cmentarna
24%
ul. Graniczna
24%
ul. Grunwaldzka
24%
ul. Jana Stapińskiego
24%
ul. Jana Szczepanika
24%
ul. Jasna
24%
ul. Kapucyńska
24%
ul. Kazimierza Wielkiego
24%
ul. Kopalniana
24%
ul. ks. Franciszka Kojdera
24%
ul. ks. Jerzego Popiełuszki
24%
ul. ks. Piotra Skargi
24%
ul. ks. Stanisława Szpetnara
24%
ul. Kwiatowa
24%
ul. Marii Skłodowskiej-Curie
24%
ul. Mirandoli Pika
24%
ul. Nad Badoniem
24%
ul. Nadbrzeżna
24%
ul. Olejarska
24%
ul. Ordynacka
24%
ul. Parkowa
24%
ul. Prochownia
24%
ul. prof. dr. Jerzego Dmochowskiego
24%
ul. Romualda Traugutta
24%
ul. Spokojna
24%
ul. Stanisława Moniuszki
24%
ul. Suchodolska
24%
ul. Szklarska
24%
ul. Tadeusza Kościuszki
24%
ul. Teodora Walslebena
24%
ul. Wiejska
24%
ul. Wisłocza
24%
ul. Wisze
24%
ul. Wojciecha Roberta Portiusa
24%
ul. Wolności
24%
ul. Adama Jana Ostaszewskiego
19%
ul. Andrzeja Lenika
19%
ul. Blich
19%
ul. Cicha
19%
ul. Debrza
19%
ul. Dywizjonu 303
19%
ul. Emilii Plater
19%
ul. Forteczna
19%
ul. gen. Władysława Andersa
19%
ul. hetm. Stanisława Żółkiewskiego
19%
ul. Jana Kochanowskiego
19%
ul. Jędrzeja Krukierka
19%
ul. Jeleniówka
19%
ul. Jesionowa
19%
ul. Kazimierza Człowiekowskiego
19%
ul. Kręta
19%
ul. Kryształowa
19%
ul. Malinowa Góra
19%
ul. Michała Drzymały
19%
ul. Mikołaja Reja
19%
ul. Modesta Humieckiego
19%
ul. Nad Lubatówką
19%
ul. Oficerska
19%
ul. Ogrodowa
19%
ul. Platynowa
19%
ul. Podwale
19%
ul. Prezydenta Ryszarda Kaczorowskiego
19%
ul. Romualda Mielczarskiego
19%
ul. Seweryna Bieszczada
19%
ul. Spacerowa
19%
ul. Stefana Kisielewskiego
19%
ul. Wspólna
19%
ul. Żniwna
19%
ul. Augusta i Dionizego Mazurkiewiczów
14%
ul. Balkonowa
14%
ul. Franciszka Wójtowicza
14%
ul. gen. Ludomiła Rayskiego
14%
ul. gen. Ryszarda Kuklińskiego
14%
ul. Ikara
14%
ul. Jaworowa
14%
ul. Józefa Czuchry
14%
ul. kpt. Stanisława Betleja
14%
ul. ks. Piotra Ściegiennego
14%
ul. ks. Władysława Sarny
14%
ul. Łąkowa
14%
ul. Lunaria
14%
ul. Mariana Szuby
14%
ul. Mieczysława Karłowicza
14%
ul. Mostowa
14%
ul. Odrzykońska
14%
ul. Pawła z Krosna
14%
ul. Piękna
14%
ul. Podchorążych
14%
ul. Różana
14%
ul. Seweryna Goszczyńskiego
14%
ul. Stanisława Bergmana
14%
ul. Stanisława Pigonia
14%
ul. Wierzbowa
14%
ul. Willowa
14%
ul. Handlowa
10%
ul. Jana Kilińskiego
10%
ul. ks. Jana Zawrzyckiego
10%
ul. Opłotki
10%
ul. Piesza
10%
ul. Piotra Tebicha
10%
ul. Prządki
10%
ul. Sąsiedzka
10%
ul. Skrajna
10%
ul. Ślączka
10%
ul. Stanisława Konarskiego
10%
ul. św. Wojciecha
10%
ul. Tytusa Trzecieskiego
10%
ul. Walerego Wróblewskiego
10%
ul. Zagórze
10%
ul. Zaścianek
10%
ul. Pochyła
5%
ul. Szarych Szeregów
5%
ul. Wiklinowa
5%
ul. Żwirowa
5%
Nie znaleziono quizów pasujących do podanych kryteriów
Rozkład punktacji
Procent ludzi z każdym wynikiem
Percentyl według liczby udzielonych odpowiedzi
Twoja historia wyników
Nie rozwiązałeś tego quizu